Fishes of Iowa - Statistics

General Stats
  • This quiz has been taken 73 times
  • The average score is 26 of 161
Answer Stats
Fish Group Fish Species % Correct
Sunfishes Bluegill
100%
Basses Largemouth Bass
88%
Pikes Northern Pike
88%
Catfishes Blue Catfish
75%
Basses Rock Bass
75%
Basses Smallmouth Bass
75%
Catfishes Channel Catfish
63%
Carps Common Carp
63%
Carps Grass Carp
63%
Salmonids Rainbow Trout
63%
Perches Yellow Perch
63%
Crappies Black Crappie
50%
Salmonids Brook Trout
50%
Salmonids Brown Trout
50%
Catfishes Flathead Catfish
50%
Gars Longnose Gar
50%
Sunfishes Pumpkinseed
50%
Gars Shortnose Gar
50%
Temperate Basses Striped Bass
50%
Perches Walleye
50%
Temperate Basses White Bass
50%
Crappies White Crappie
50%
Chubs Creek Chub
38%
Drums Freshwater Drum
38%
Sturgeons Lake Sturgeon
38%
Carps Bighead Carp
25%
Buffalos Bigmouth Buffalo
25%
Bullheads Black Bullhead
25%
Minnows Bluntnose Minnow
25%
Bullheads Brown Bullhead
25%
Lampreys Chestnut Lamprey
25%
Herrings/Shads Gizzard Shad
25%
Shiners Golden Shiner
25%
Sunfishes Green Sunfish
25%
Pikes Muskellunge
25%
Suckers Northern Hog Sucker
25%
Redhorses River Redhorse
25%
Perches Sauger
25%
Carps Silver Carp
25%
Buffalos Smallmouth Buffalo
25%
Temperate Basses Yellow Bass
25%
Bullheads Yellow Bullhead
25%
Lampreys American Brook Lamprey
13%
Eels American Eel
13%
Paddlefishes American Paddlefish
13%
Killifishes Banded Killifish
13%
Shiners Bigeye Shiner
13%
Shiners Bigmouth Shiner
13%
Buffalos Black Buffalo
13%
Redhorses Black Redhorse
13%
Suckers Blue Sucker
13%
Bowfins Bowfin
13%
Silversides Brook Silverside
13%
Sticklebacks Brook Stickleback
13%
Cods Burbot
13%
Shiners Carmine Shiner
13%
Stonerollers Central Stoneroller
13%
Minnows Fathead Minnow
13%
Madtoms Freckled Madtom
13%
Redhorses Golden Redhorse
13%
Carps Goldfish
13%
Pikes Grass Pickerel
13%
Redhorses Greater Redhorse
13%
Carpsuckers Highfin Carpsucker
13%
Chubs Hornyhead Chub
13%
Darters Iowa Darter
13%
Stonerollers Largescale Stoneroller
13%
Darters Least Darter
13%
Sunfishes Longear Sunfish
13%
Sculpins Mottled Sculpin
13%
Perches Northern Logperch
13%
Sunfishes Northern Sunfish
13%
Sturgeons Pallid Sturgeon
13%
Pirate-Perches Pirate Perch
13%
Carpsuckers Quillback Carpsucker
13%
Darters Rainbow Darter
13%
Smelts Rainbow Smelt
13%
Sunfishes Redear Sunfish
13%
Carpsuckers River Carpsucker
13%
Shiners River Shiner
13%
Redhorses Shorthead Redhorse
13%
Sturgeons Shovelnose Sturgeon
13%
Redhorses Silver Redhorse
13%
Daces Southern Redbelly Dace
13%
Basses Spotted Bass
13%
Gars Spotted Gar
13%
Catfishes Stonecat
13%
Herrings/Shads Threadfin Shad
13%
Shiners Topeka Shiner
13%
Trout-Perches Trout-Perch
13%
Sunfishes Warmouth
13%
Shiners Weed Shiner
13%
Catfishes White Catfish
13%
Temperate Basses White Perch
13%
Suckers White Sucker
13%
Herrings/Shads Alabama Shad
0%
Darters Banded Darter
0%
Shiners Blackchin Shiner
0%
Daces Blacknose Dace
0%
Shiners Blacknose Shiner
0%
Darters Blackside Darter
0%
Killifishes Blackstripe Topminnow
0%
Darters Bluntnose Darter
0%
Minnows Brassy Minnow~
0%
Minnows Bullhead Minnow
0%
Mudminnows Central Mudminnow
0%
Shiners Channel Shiner
0%
Shiners Common Shiner
0%
Darters Crystal Darter
0%
Shiners Emerald Shiner
0%
Darters Fantail Darter
0%
Chubs Flathead Chub
0%
Shiners Ghost Shiner
0%
Darters Gilt Darter
0%
Mooneyes Goldeye
0%
Chubs Gravel Chub
0%
Shiners Ironcolor Shiner
0%
Darters Johnny Darter
0%
Chubs Lake Chub
0%
Carpsuckers Lake Chubsucker
0%
Daces Longnose Dace
0%
Shiners Mimic Shiner
0%
Minnows Mississippi Silvery Minnow
0%
Mooneyes Mooneye
0%
Darters Mud Darter
0%
Lampreys Northern Brook Lamprey
0%
Sunfishes Orangespotted Sunfish
0%
Darters Orangethroat Darter
0%
Minnows Ozark Minnow
0%
Shiners Pallid Shiner
0%
Daces Pearl Dace
0%
Minnows Plains Minnow
0%
Killifishes Plains Topminnow
0%
Minnows Pugnose Minnow
0%
Shiners Pugnose Shiner
0%
Shiners Redfin Shiner
0%
Shiners Red Shiner
0%
Daces Redside Dace
0%
Darters River Darter
0%
Shiners Rosyface Shiner
0%
Shiners Sand Shiner
0%
Chubs Shoal Chub
0%
Chubs Sicklefin Chub
0%
Shiners Silverband Shiner
0%
Chubs Silver Chub
0%
Lampreys Silver Lamprey
0%
Herrings/Shads Skipjack Herring
0%
Darters Slenderhead Darter
0%
Madtoms Slender Madtom
0%
Sculpins Slimy Sculpin
0%
Shiners Spotfin Shiner
0%
Shiners Spottail Shiner
0%
Suckers Spotted Sucker
0%
Sunfishes Spotted Sunfish
0%
Killifishes Starhead Topminnow
0%
Chubs Sturgeon Chub
0%
Minnows Suckermouth Minnow
0%
Madtoms Tadpole Madtom
0%
Livebearers Western Mosquitofish
0%
Darters Western Sand Darter
0%
Minnows Western Silvery Minnow
0%
No matching quizzes found
Score Distribution
Percent of People with Each Score
Percentile by Number Answered
Your Score History
You have not taken this quiz